Statistiques concernant Inazuma Eleven - Toutes les supertechniques Route du Sacre

Cliquez ici pour prendre le quiz!

Statistiques générales

  • Ce quiz a été pris 101 fois
  • Le résultat moyen est 19 sur 41

Statistiques - réponses

Equipe4Réponse% Correct
MiragesTir feu follet
82%
Alpin GoBlizzard du léopard
75%
UniverselCoup de soleil
70%
Mont OlympeTempête de feu
67%
Mers lunairesTir sonique
64%
Alliance du dragonCouronne de feu
61%
Kirkwood GoTriangle ZZ
59%
Royal Academy GoDéchaînement de puissance
57%
Baie des piratesPoissons volants
57%
Alpin GoChemin de glace
56%
UniverselGiga presse sandwich
56%
Mers lunairesGiga presse sandwich
56%
Mont OlympeTir balistique
56%
Mont OlympeArrêt immédiat
54%
Baie des piratesLevée d'ancre
49%
Alpin GoBarrière absolue
48%
Foi toute-puissanteBoîte à surprise
48%
MiragesGants des ténèbres
48%
MiragesIllusion du balllon géant
48%
Kirkwood GoPinces coupantes
46%
Alpin GoPiège de cristal
43%
Mers lunairesTorpille terrestre
43%
Mont OlympeSphère lumineuse
41%
UniverselTrident-torpille des mers
41%
Baie des piratesTrident-torpille des mers
41%
Royal Academy GoUnion explosive
41%
Royal Academy GoTourbillon géant
39%
Kirkwood GoBallon illusoire
38%
Mont OlympeBombe d'ozone
38%
Kirkwood GoTriangle parfait
38%
Foi toute-puissanteBouclier géant
36%
Foi toute-puissanteFeinte du boomerang
36%
Kirkwood GoFrappe du destrier
36%
MiragesTirage chanceux
36%
MiragesRonces noires
34%
Voie lactéeAiles de faucon
33%
Foi toute-puissanteFlamme rebondissante
33%
Mers lunairesDécoupage en tranches
31%
MiragesPortail dimensionnel
31%
Foi toute-puissanteAssaut d'éléphants
30%
Royal Academy GoManchots empereurs n°7
21%

Distribution des résultats

Percentile par nombre de réponses

% des personnes avec chaque résultat

Votre développement - résultats

Vous n’avez pas pris ce quiz